The Lost History of Liberalism From Ancient Rome to the Twenty-First Century

Salvato in:
Dettagli Bibliografici
Autore principale: Rosenblatt, Helena
Natura: Libro
Lingua:inglese
Pubblicazione: Princeton Princeton University Press 2018
Soggetti:
Tags: Aggiungi Tag
Nessun Tag, puoi essere il primo ad aggiungerne!!

MARC

LEADER 00000nam a2200000 4500
001 0308648
005 20250709131940.6
020 |a 978-0-691-17070-1 
041 0 |a eng 
044 |a US 
245 1 0 |a The Lost History of Liberalism  |b From Ancient Rome to the Twenty-First Century  |c Helena Rosenblatt 
264 1 |a Princeton  |b Princeton University Press  |c 2018 
300 |a 348 s. 
610 2 0 |a liberalizmus 
610 2 0 |a náboženstvo 
610 2 0 |a dejiny 
610 2 0 |a dejiny hospodárske 
100 1 |a Rosenblatt, Helena